|
|
|
|
| LEADER |
00000nab a2200000uu 4500 |
| 001 |
vtls011538044 |
| 003 |
SK-MaSNL |
| 005 |
20260303154528.0 |
| 008 |
230222|1962 xo |||||||||||||||||slo| |
| 015 |
|
|
|a SNBRB
|
| 035 |
|
|
|a (urnnbn)urn:nbn:sk:snk:ar-00542h
|
| 035 |
|
|
|a (uuid)8acaf654-e150-49b5-b612-174906397ac9
|
| 035 |
|
|
|a urn:nbn:sk:snk-abewub
|
| 040 |
|
|
|a SNKBUCL
|b slo
|c SNKBUCL
|e AACR2
|
| 041 |
0 |
|
|a slo
|
| 044 |
|
|
|a xo
|c SK
|
| 100 |
1 |
|
|a Rosenbaum, Karol,
|d 1920-2001
|4 aut
|9 103255
|
| 245 |
1 |
0 |
|a Za Zdeňkom Nejedlým
|c Karol Rosenbaum
|
| 600 |
1 |
7 |
|a Nejedlý, Zdeněk,
|d 1878-1962
|2 SNKMA
|9 114414
|
| 655 |
|
7 |
|a nekrológy
|2 SNKPH
|9 402542
|
| 773 |
0 |
|
|t Slovenská literatúra
|g Roč. 9, č. 2 (1962), s. 259-260
|
| 954 |
|
|
|a odborná, vedecká literatúra pôvodná (slovenská)
|2 lita
|
| 958 |
|
|
|a OND
|
| 958 |
|
|
|a EUIPO
|
| 958 |
|
|
|a article22
|
| 999 |
|
|
|c 2034883
|d 2036813
|